7 relatos sobre el amor y la guerra
Guardado en:
| Autor principal: | |
|---|---|
| Formato: | Desconocido |
| Lenguaje: | Spanish |
| Publicado: |
San José, Costa Rica:
EDUCA,
c1986
|
| Edición: | 1 edición |
| Materias: | |
| Etiquetas: |
Agregar Etiqueta
Sin Etiquetas, Sea el primero en etiquetar este registro!
|
MARC
| LEADER | 000000000a22000000004500 | ||
|---|---|---|---|
| 001 | 000148 | ||
| 008 | 131204s1986 cr ||||g |||| 000 f spa d | ||
| 020 | |a 9977300887 | ||
| 040 | |a cru CIICLA Universidad de Costa Rica | ||
| 041 | 0 | |a español | |
| 100 | 1 | |a Aguilar, Rosario, 1938- |9 74 | |
| 245 | 1 | 0 | |a 7 relatos sobre el amor y la guerra |
| 246 | 1 | |a Siete relatos sobre el amor y la guerra | |
| 250 | |a 1 edición | ||
| 260 | |a San José, Costa Rica: |b EDUCA, |c c1986 | ||
| 300 | |a 158 páginas | ||
| 500 | |a Número de inscripción: 00002, 13269 | ||
| 650 | 4 | |a LITERATURA NICARAGUENSE |9 54 | |
| 650 | 4 | |a NOVELA | |
| 942 | |2 ddc |c BK | ||
| 999 | |c 982 |d 982 | ||



